Holiday Quiz

Random Holiday or Easter Quiz

Holiday Foods Made From Yarn Quiz Stats

 Plays Quiz Updated Nov 23, 2018

Score 0/20 Timer 03:00
0 Plays Today
Column % Correct
Roast turkey
95.5%
Candy canes
95.5%
Pumpkin pie
93.1%
Easter eggs
92.4%
Birthday cake
91.5%
Gingerbread house
90.6%
Roast ham
86.3%
Eggnog
85.5%
Candy corn
83.1%
Chocolates
73.5%
Column % Correct
Toffee apples
73.2%
Hot cross buns
68.9%
Brussels sprouts
66.3%
Satsumas
65.2%
Yule log
64.3%
Roast chestnuts
55.6%
Pecan pie
49.9%
Christmas pudding
41.6%
Mince pies
34.7%
King cake
33.8%

You're not logged in!

Compare scores with friends on all Sporcle quizzes.
OR
Log In

Sporcle TV

Today on Sporcle TV


Watch our educational content, quiz creation guides, and fun videos on Sporcle TV.

Show Comments

Extras

Top Quizzes Today


Score Distribution

Your Account Isn't Verified!

In order to create a playlist on Sporcle, you need to verify the email address you used during registration. Go to your Sporcle Settings to finish the process.

Report this User

Report this user for behavior that violates our Community Guidelines.

Details: